Terrorizing Images : Trauma and Ekphrasis in Contemporary Literature (Record no. 90772)

MARC details
000 -LEADER
fixed length control field 01329nam a2200265Ia 4500
000 - LEADER
fixed length control field 01815naaa 00361uu
001 - CONTROL NUMBER
control field https://directory.doabooks.org/handle/20.500.12854/63643
005 - DATE AND TIME OF LATEST TRANSACTION
control field 20260218110022.0
008 - FIXED-LENGTH DATA ELEMENTS--GENERAL INFORMATION
fixed length control field 211013s9999 xx 000 0 und d
024 ## - OTHER STANDARD IDENTIFIER
Standard number or code 10.1515/9783110693959
042 ## - AUTHENTICATION CODE
Authentication code dc
245 #0 - TITLE STATEMENT
Title Terrorizing Images : Trauma and Ekphrasis in Contemporary Literature
260 ## - PUBLICATION, DISTRIBUTION, ETC.
Place of publication, distribution, etc. Berlin/Boston
Name of publisher, distributor, etc. De Gruyter
Date of publication, distribution, etc. 2020
300 ## - PHYSICAL DESCRIPTION
Extent 1 electronic resource (204 p.)
520 ## - SUMMARY, ETC.
Summary, etc. This book combines two focal points: trauma and ekphrasis. It responds to the recognition of how terrorizing images permeate the public sphere in connection with traumatic experiences and conflicts and emphasizes the ways in which such images are described and interpreted by words. Contributors analyze the use of verbally represented images in a variety of literary texts, written in several different languages.
540 ## - TERMS GOVERNING USE AND REPRODUCTION NOTE
Terms governing use and reproduction Creative Commons
653 ## - INDEX TERM--UNCONTROLLED
Uncontrolled term Trauma
700 1# - ADDED ENTRY--PERSONAL NAME
Personal name Ivan Armstrong, Charles
700 1# - ADDED ENTRY--PERSONAL NAME
Personal name Ivan Armstrong, Charles
700 1# - ADDED ENTRY--PERSONAL NAME
Personal name Langas, Unni
700 1# - ADDED ENTRY--PERSONAL NAME
Personal name Langas, Unni
856 ## - ELECTRONIC LOCATION AND ACCESS
Uniform Resource Identifier <a href="https://docs.google.com/spreadsheets/d/1yKIrdCPDAG_9c22mwoOIO2DOhtj65Wqa/edit?usp=sharing&ouid=106555315294820607512&rtpof=true&sd=true ">https://docs.google.com/spreadsheets/d/1yKIrdCPDAG_9c22mwoOIO2DOhtj65Wqa/edit?usp=sharing&ouid=106555315294820607512&rtpof=true&sd=true </a>
Link text List of Curated E-Books
942 ## - ADDED ENTRY ELEMENTS (KOHA)
Koha item type E-Book

No items available.

University of Rizal System
Email us at univlibservices@urs.edu.ph

Visit our Website www.urs.edu.ph/library